| 000 | 00855nam a2200157Ia 4500 | ||
|---|---|---|---|
| 008 | 220515s9999||||xx |||||||||||||| ||und|| | ||
| 020 | _a81-7992-543-9 | ||
| 050 | _aRef LB 1555 .C37 | ||
| 100 | _aCarliner, S. | ||
| 245 | 3 | _aAn overview of on-line learning | |
| 260 |
_aMumbai _bJaico Publishing House |
||
| 300 | _aviii, 113p. | ||
| 500 | _aPresents an introduction to online learning and explains four major types of on-line .i.e. on-line collaboration, knowledge management, performance support and training and education. Gives an overview of the technology needed to create on-line learning. Also provides a framework for considering technical issues rather than a detailed listing of available technologies. Identifies issues that need to be considered when planning an on-line learning project. | ||
| 650 | _aLearning|Internet | ||
| 942 |
_2lcc _cBK |
||
| 999 |
_c1744 _d1744 |
||